Κωδικοποίησις διατάξεων περί επιμελητηρίων : εμπορικών & βιομηχανικών, επαγγελματικών και βιοτεχνικών

Αποθηκεύτηκε σε:
Λεπτομέρειες βιβλιογραφικής εγγραφής
Κύριος συγγραφέας: Τζουμέρκας, Δημήτριος Ξ.
Μορφή: Βιβλίο
Γλώσσα:Greek
Δημοσίευση: Αθήναι : "Εργασίαι Τύπου", 1935
Θέματα:
Ετικέτες: Προσθήκη ετικέτας
Δεν υπάρχουν, Καταχωρήστε ετικέτα πρώτοι!

MARC

LEADER 00000cam a2200000 i 4500
001 1/35115
008 130822s1935 gre d
035 |l 10115402 
040 |a GR-MY-UA  |b gre  |e aacr 
041 0 |a gre 
082 0 |a 380.06  |2 (22) 
100 1 |a Τζουμέρκας, Δημήτριος Ξ. 
245 1 0 |a Κωδικοποίησις διατάξεων περί επιμελητηρίων :  |b εμπορικών & βιομηχανικών, επαγγελματικών και βιοτεχνικών /  |c Δημητρίου Ξ. Τζουμέρκα 
246 3 3 |a Τα επιμελητήρια 
260 |a Αθήναι :   |b "Εργασίαι Τύπου",   |c 1935 
300 |a 96 σ.;  |c 23 εκ. 
500 |a Στη σ.τ. σφραγίδα "Δημόσια Εμπορική Σχολή Σάμου εν Καρλοβασιω". 
650 0 0 |a Commercial associations  |z Greece. 
852 |a INST  |b SAMOS  |c PORFYRIADA  |e 20130822  |h 380.06 ΤΖΟ  |p 005300040432  |q 005300040432  |t NOLOAN  |y 23 
901 |a BIBL3-2013-2 
909 |a Σ  |b 178663 
970 |a ΚΟΣΙΕΡΗΣ  |b ΧΡΗΣΤΟΣ  |z 2013/07/16